000 00546nam a2200181Ia 4500
008 090123s9999 xx 000 0 und d
082 _b23207
100 _aकणेकर शिरिष मधुकर
245 _aकणेकरी
250 _a1
260 _bमेहता प्रकाशन
_c1991
300 _a168
600 _aकणेकर शिरिष मधुकर
630 _aकणेकरी
700 _aकणेकर शिरिष मधुकर
730 _aकणेकरी
942 _cBOOK
999 _c61279
_d61279